| 000 | 00516nam a2200169 a 4500 | ||
|---|---|---|---|
| 001 | 393 | ||
| 003 | CDMR | ||
| 005 | 20130319193225.0 | ||
| 008 | 130130s1997||||||||||||||||||||||||||||d | ||
| 020 | _a8489727228 | ||
| 040 |
_aCDMR _bcat _cCPC LLEIDA |
||
| 100 | 1 |
_aBreton, Victor _9273 |
|
| 245 | 1 | 0 |
_aCapitalismo, reforma agraria y organización comunal en los Andes _cVíctor Bretón _b: una introducción al caso ecuatoriano |
| 260 |
_aLleida _c1997 _bUniversitat de Lleida |
||
| 490 | 0 |
_aEspai/Temps _v29 |
|
| 942 |
_cMON _2udc |
||
| 999 |
_c393 _d393 |
||